000 005330000a22001930004500
003 LK-CoMWRAF
005 20231027110702.0
008 230817t ||||| |||| 00| 0 eng d
040 _aLK-CoMWRAF
_dLK-CoMWRAF
_eLK-CoMWRAF
041 _aeng
082 _a297.122
_bALI
100 _aAli, A. Yusef
245 _aRoman transliteration of the Holy Quran with full Arabic text
260 _aLahore :
_bSH Muhammad ashraf,
_c1984
300 _axvii, 790 p. ; 25 cm.
650 _aIslam
650 _aQuranic Translation
942 _cBK
999 _c2869
_d2869